| 000 | 01348nam a2200325Ia 4500 | ||
|---|---|---|---|
| 001 | ebr10201434 | ||
| 003 | CaPaEBR | ||
| 006 | m u | ||
| 007 | cr cn||||||||| | ||
| 008 | 070817s2006 si ac s 000 0 eng d | ||
| 010 | _z 2007277980 | ||
| 020 | _z9789812700025 | ||
| 020 | _z9812700021 | ||
| 040 |
_aCaPaEBR _cCaPaEBR |
||
| 035 | _a(OCoLC)299584894 | ||
| 050 | 1 | 4 |
_aTA350 _b.H75 2006eb |
| 100 | 1 |
_aHoover, William G. _q(William Graham), _d1936- |
|
| 245 | 1 | 0 |
_aSmooth particle applied mechanics _h[electronic resource] : _bthe state of the art / _cWilliam Graham Hoover. |
| 260 |
_aSingapore : _bWorld Scientific, _cc2006. |
||
| 300 |
_axiii, 300 p. : _bill. (some col.), 1 col. port. |
||
| 490 | 1 |
_aAdvanced series in nonlinear dynamics ; _vv. 25 |
|
| 533 |
_aElectronic reproduction. _bPalo Alto, Calif. : _cebrary, _d2009. _nAvailable via World Wide Web. _nAccess may be limited to ebrary affiliated libraries. |
||
| 650 | 0 | _aMechanics, Analytic. | |
| 650 | 0 |
_aMechanics, Applied _xMathematical models. |
|
| 650 | 0 | _aParticle methods (Numerical analysis) | |
| 655 | 7 |
_aElectronic books. _2local |
|
| 710 | 2 | _aebrary, Inc. | |
| 830 | 0 |
_aAdvanced series in nonlinear dynamics ; _vv. 25. |
|
| 856 | 4 | 0 |
_uhttp://site.ebrary.com/lib/rucke/Doc?id=10201434 _zAn electronic book accessible through the World Wide Web; click to view |
| 999 |
_c120143 _d120143 |
||